[Event "Bundesliga 9495"]
[Site "Deutschland"]
[Date "1995.??.??"]
[Round "?.3"]
[White "Babula, Vlastimil"]
[Black "Rechel, Bernd"]
[Result "1-0"]
[WhiteElo "2530"]
[BlackElo "2410"]
[PlyCount "109"]
[EventDate "1994.10.??"]
[EventType "team"]
[EventRounds "15"]
[EventCountry "GER"]
[SourceTitle "Bundesliga 9495"]
[Source "DeepChess"]
[SourceDate "2005.01.01"]
[SourceVersion "1"]
[SourceVersionDate "2005.01.01"]
[SourceQuality "1"]
[WhiteTeam "SAbt SV Werder Bremen"]
[BlackTeam "SV 1920 Hofheim"]
[WhiteTeamCountry "GER"]
[BlackTeamCountry "GER"]

1. d4 Nf6 2. c4 g6 3. Nc3 Bg7 4. e4 d6 5. Nf3 O-O 6. Be2 e5 7. d5 a5 8. Bg5 h6
9. Bh4 Na6 10. O-O Qe8 11. Nd2 Bd7 12. Kh1 Nh7 13. a3 a4 14. Nb5 Bxb5 15. cxb5
Nc5 16. f3 Bf6 17. Bf2 Bg5 18. Bxc5 dxc5 19. Nc4 Qxb5 20. Nxe5 Qe8 21. Nd3 Be3
22. Qc2 b6 23. Rae1 Bd4 24. Nf2 Nf6 25. Nd1 b5 26. Nc3 Rb8 27. Bd1 c6 28. d6
Rd8 29. e5 Nd5 30. Qd2 Nxc3 31. bxc3 Bxe5 32. f4 Rxd6 33. Qe3 Re6 34. fxe5 Qe7
35. Bg4 f5 36. Bf3 Kg7 37. Rf2 c4 38. Rd2 Re8 39. h3 Qc7 40. Qc5 Rxe5 41. Rxe5
Rxe5 42. Rd7+ Qxd7 43. Qxe5+ Kh7 44. Kh2 h5 45. h4 Qd8 46. Kh3 Qd7 47. Kg3 Qd3
48. Qe7+ Kh8 49. Qf6+ Kh7 50. Kh2 f4 51. Qe7+ Kh8 52. Qe5+ Kh7 53. Bxc6 Qg3+
54. Kg1 Qxh4 55. Bxb5 1-0

[Event "Bundesliga 9495"]
[Site "Deutschland"]
[Date "1995.??.??"]
[Round "?.4"]
[White "Reschke, Stefan"]
[Black "Heissler, Jakob"]
[Result "1/2-1/2"]
[WhiteElo "2405"]
[BlackElo "2440"]
[PlyCount "120"]
[EventDate "1994.10.??"]
[EventType "team"]
[EventRounds "15"]
[EventCountry "GER"]
[SourceTitle "Bundesliga 9495"]
[Source "DeepChess"]
[SourceDate "2005.01.01"]
[SourceVersion "1"]
[SourceVersionDate "2005.01.01"]
[SourceQuality "1"]
[WhiteTeam "SV 1920 Hofheim"]
[BlackTeam "SAbt SV Werder Bremen"]
[WhiteTeamCountry "GER"]
[BlackTeamCountry "GER"]

1. d4 Nf6 2. c4 g6 3. g3 Bg7 4. Bg2 O-O 5. Nc3 d6 6. Nf3 Nbd7 7. O-O e5 8. e4
a6 9. h3 c6 10. Re1 Re8 11. d5 cxd5 12. cxd5 b5 13. b4 Nb6 14. a4 bxa4 15. Nxa4
Bd7 16. Nc3 Qc7 17. Bd2 Rec8 18. Bf1 Nc4 19. Rc1 Nxd2 20. Nxd2 Bh6 21. Ncb1 Qb7
22. Rxc8+ Rxc8 23. Qb3 Rb8 24. Nc4 Bf8 25. Nbd2 Qxb4 26. Qf3 Kg7 27. Rb1 Qxb1
28. Nxb1 Rxb1 29. Nd2 Rb4 30. Kg2 Rd4 31. Qe3 Bb5 32. f3 Be7 33. Qc3 Nh5 34. h4
g5 35. Bxb5 axb5 36. hxg5 Bxg5 37. Nf1 Rc4 38. Qb3 Rc5 39. Ne3 Bxe3 40. Qxe3 h6
41. Qa3 Nf6 42. Kh3 Ne8 43. Qa8 Kf8 44. f4 Rc4 45. fxe5 dxe5 46. Qb8 Rxe4 47.
Qxb5 Rd4 48. Qc6 Ke7 49. Qc5+ Kd7 50. Kg2 Rd2+ 51. Kf1 Rd4 52. Kf2 Rd2+ 53. Ke1
Rd4 54. Ke2 Nf6 55. Qf8 Nxd5 56. Qxf7+ Ne7 57. Qg7 Rd6 58. Kf3 Rg6 59. Qxe5 Ke8
60. Qh8+ Kd7 1/2-1/2

[Event "Bundesliga 9495"]
[Site "Deutschland"]
[Date "1995.??.??"]
[Round "?.5"]
[White "Meins, Gerlef"]
[Black "Schmitzer, Klaus"]
[Result "1-0"]
[WhiteElo "2425"]
[BlackElo "2355"]
[PlyCount "97"]
[EventDate "1994.10.??"]
[EventType "team"]
[EventRounds "15"]
[EventCountry "GER"]
[SourceTitle "Bundesliga 9495"]
[Source "DeepChess"]
[SourceDate "2005.01.01"]
[SourceVersion "1"]
[SourceVersionDate "2005.01.01"]
[SourceQuality "1"]
[WhiteTeam "SAbt SV Werder Bremen"]
[BlackTeam "SV 1920 Hofheim"]
[WhiteTeamCountry "GER"]
[BlackTeamCountry "GER"]

1. d4 e6 2. Nf3 c5 3. g3 b6 4. Bg2 Bb7 5. c4 Nf6 6. Nc3 cxd4 7. Qxd4 Nc6 8. Qf4
Bb4 9. Bd2 O-O 10. O-O Qe7 11. Rfd1 Rac8 12. Ng5 h6 13. Nge4 Nxe4 14. Nxe4 e5
15. Bxb4 Qxb4 16. Qd2 Ba6 17. b3 Rcd8 18. Qxb4 Nxb4 19. Nd6 f5 20. Rd2 Rf6 21.
Rad1 Kf8 22. Nxf5 Rxf5 23. a3 Bxc4 24. bxc4 Na6 25. Rxd7 Rxd7 26. Rxd7 Rf7 27.
Rd5 Re7 28. Be4 Kf7 29. Rd6 Rc7 30. Bd5+ Kf8 31. f4 exf4 32. gxf4 Nc5 33. Kg2
Na4 34. Rc6 Rxc6 35. Bxc6 Nb2 36. Bd5 Ke7 37. e4 Kd6 38. Kf3 Kc5 39. e5 b5 40.
e6 Kd6 41. cxb5 g6 42. f5 gxf5 43. Kf4 Nd1 44. Bb3 Nc3 45. a4 Ne2+ 46. Kxf5
Nd4+ 47. Kf6 Nxb3 48. e7 Nc5 49. e8=Q 1-0

[Event "Bundesliga 9495"]
[Site "Deutschland"]
[Date "1995.??.??"]
[Round "?.6"]
[White "Schwamberger, Martin"]
[Black "Floegel, Ulrich"]
[Result "0-1"]
[WhiteElo "2330"]
[BlackElo "2315"]
[PlyCount "118"]
[EventDate "1994.10.??"]
[EventType "team"]
[EventRounds "15"]
[EventCountry "GER"]
[SourceTitle "Bundesliga 9495"]
[Source "DeepChess"]
[SourceDate "2005.01.01"]
[SourceVersion "1"]
[SourceVersionDate "2005.01.01"]
[SourceQuality "1"]
[WhiteTeam "SV 1920 Hofheim"]
[BlackTeam "SAbt SV Werder Bremen"]
[WhiteTeamCountry "GER"]
[BlackTeamCountry "GER"]

1. d4 Nf6 2. c4 g6 3. Nc3 Bg7 4. e4 d6 5. h3 O-O 6. Nf3 e5 7. d5 Na6 8. Bg5 h6
9. Be3 Nh5 10. Nh2 Qe8 11. Be2 f5 12. Bxh5 gxh5 13. g4 hxg4 14. hxg4 f4 15. Bd2
c6 16. Qf3 b5 17. cxb5 cxb5 18. Ne2 b4 19. Nc1 Bd7 20. Nd3 Bb5 21. O-O-O Rc8+
22. Kb1 Rc4 23. b3 Rd4 24. Bc1 Qg6 25. Rhe1 Bxd3+ 26. Rxd3 Nc5 27. Rxd4 exd4
28. Nf1 Nd7 29. Qd1 Nf6 30. Qc2 Nxg4 31. Bb2 d3 32. Qxd3 Bxb2 33. Kxb2 Nxf2 34.
Qd2 Nxe4 35. Qxb4 Nc5 36. Ka3 Nd3 37. Qe4 Qxe4 38. Rxe4 Ne5 39. Ka4 f3 40. Kb5
Kg7 41. Ka6 Rc8 42. a4 Kg6 43. Nh2 Kf5 44. Rh4 Kg5 45. Rh3 f2 46. Rg3+ Kh4 47.
Rg2 Rc2 48. Nf1 Ng4 49. Kxa7 Rc1 50. Ne3 Nxe3 51. Rxf2 Kg5 52. Rd2 Rb1 53. Rd3
Kf4 54. a5 Ke4 55. Rd2 Rxb3 56. a6 Nxd5 57. Rh2 Nb4 58. Kb7 Nxa6+ 59. Kxa6 d5
0-1

[Event "Bundesliga 9495"]
[Site "Deutschland"]
[Date "1995.??.??"]
[Round "?.7"]
[White "Meyer, Claus Dieter"]
[Black "Buchal, Stephan"]
[Result "1-0"]
[WhiteElo "2310"]
[BlackElo "2355"]
[PlyCount "65"]
[EventDate "1994.10.??"]
[EventType "team"]
[EventRounds "15"]
[EventCountry "GER"]
[SourceTitle "Bundesliga 9495"]
[Source "DeepChess"]
[SourceDate "2005.01.01"]
[SourceVersion "1"]
[SourceVersionDate "2005.01.01"]
[SourceQuality "1"]
[WhiteTeam "SAbt SV Werder Bremen"]
[BlackTeam "SV 1920 Hofheim"]
[WhiteTeamCountry "GER"]
[BlackTeamCountry "GER"]

1. e4 g6 2. d4 Bg7 3. Nc3 d6 4. Bc4 Nf6 5. Qe2 Nc6 6. Nf3 Bg4 7. Be3 O-O 8.
O-O-O Nxe4 9. Nxe4 d5 10. Bd3 dxe4 11. Bxe4 Qd6 12. Qc4 Rab8 13. c3 Na5 14. Qb5
b6 15. Qg5 Qe6 16. Bd5 Qf5 17. h3 Qxg5 18. Bxg5 Bxf3 19. Bxf3 e6 20. Bf4 Rbc8
21. Rhe1 c6 22. Be2 b5 23. Kc2 Rfd8 24. a4 a6 25. Ra1 Nc4 26. axb5 axb5 27. Bf3
Nb6 28. Ra7 Nd5 29. Bg5 Rd6 30. Rb7 h6 31. Bh4 g5 32. Bg3 Rdd8 33. Bh5 1-0

[Event "Bundesliga 9495"]
[Site "Deutschland"]
[Date "1995.??.??"]
[Round "?.8"]
[White "Haubt, Georg"]
[Black "Wenzel, Reinhard"]
[Result "0-1"]
[WhiteElo "2275"]
[BlackElo "2230"]
[PlyCount "58"]
[EventDate "1994.10.??"]
[EventType "team"]
[EventRounds "15"]
[EventCountry "GER"]
[SourceTitle "Bundesliga 9495"]
[Source "DeepChess"]
[SourceDate "2005.01.01"]
[SourceVersion "1"]
[SourceVersionDate "2005.01.01"]
[SourceQuality "1"]
[WhiteTeam "SV 1920 Hofheim"]
[BlackTeam "SAbt SV Werder Bremen"]
[WhiteTeamCountry "GER"]
[BlackTeamCountry "GER"]

1. d4 c5 2. c3 cxd4 3. cxd4 Nf6 4. Nc3 d5 5. Bg5 e6 6. e3 Be7 7. Bd3 O-O 8. Nf3
a6 9. Ne5 b5 10. Rc1 Bb7 11. O-O Nbd7 12. f4 Nxe5 13. fxe5 Ne4 14. Bxe7 Qxe7
15. Bxe4 dxe4 16. Qg4 Qb4 17. Nxe4 Bxe4 18. Qxe4 Qxb2 19. Qb7 Qa3 20. Rc7 Qxe3+
21. Kh1 Qd3 22. Rfc1 Rad8 23. Qxa6 Rxd4 24. h3 Qe2 25. Rc8 g6 26. R8c5 Rd2 27.
Qb7 Rfd8 28. Rxb5 R8d5 29. Rc8+ Kg7 0-1

[Event "Bundesliga 9495"]
[Site "Deutschland"]
[Date "1994.??.??"]
[Round "?.1"]
[White "Van der Sterren, Paul"]
[Black "Hracek, Zbynek"]
[Result "1/2-1/2"]
[WhiteElo "2605"]
[BlackElo "2530"]
[PlyCount "33"]
[EventDate "1994.10.??"]
[EventType "team"]
[EventRounds "15"]
[EventCountry "GER"]
[SourceTitle "Bundesliga 9495"]
[Source "DeepChess"]
[SourceDate "2005.01.01"]
[SourceVersion "1"]
[SourceVersionDate "2005.01.01"]
[SourceQuality "1"]
[WhiteTeam "SV Castrop Rauxel 1923"]
[BlackTeam "SAbt SV Werder Bremen"]
[WhiteTeamCountry "GER"]
[BlackTeamCountry "GER"]

1. d4 e6 2. c4 Bb4+ 3. Bd2 Qe7 4. Nf3 Nf6 5. g3 Nc6 6. Nc3 Bxc3 7. Bxc3 Ne4 8.
Rc1 O-O 9. Bg2 d6 10. d5 Nxc3 11. Rxc3 Nd8 12. O-O e5 13. c5 dxc5 14. Qc2 e4
15. Nd2 f5 16. Rxc5 c6 17. f4 1/2-1/2

[Event "Bundesliga 9495"]
[Site "Deutschland"]
[Date "1994.??.??"]
[Round "?.2"]
[White "Blatny, Pavel"]
[Black "Watson, William N"]
[Result "1-0"]
[WhiteElo "2485"]
[BlackElo "2525"]
[PlyCount "67"]
[EventDate "1994.10.??"]
[EventType "team"]
[EventRounds "15"]
[EventCountry "GER"]
[SourceTitle "Bundesliga 9495"]
[Source "DeepChess"]
[SourceDate "2005.01.01"]
[SourceVersion "1"]
[SourceVersionDate "2005.01.01"]
[SourceQuality "1"]
[WhiteTeam "SAbt SV Werder Bremen"]
[BlackTeam "SV Castrop Rauxel 1923"]
[WhiteTeamCountry "GER"]
[BlackTeamCountry "GER"]

1. Nf3 g6 2. d4 Nf6 3. Nc3 Bg7 4. e4 d6 5. Be2 O-O 6. O-O Bg4 7. Be3 Nc6 8. d5
Bxf3 9. Bxf3 Ne5 10. Be2 c6 11. f4 Ned7 12. dxc6 bxc6 13. Qd3 Nb6 14. Rad1 d5
15. Bd4 e6 16. b3 Qe7 17. exd5 exd5 18. Bf3 Rfe8 19. f5 Nfd7 20. Bxg7 Kxg7 21.
Qd4+ Kg8 22. Ne2 Ne5 23. Ng3 Nbd7 24. Be2 Qa3 25. c4 Qxa2 26. cxd5 c5 27. Qf4
Rab8 28. f6 Rxb3 29. Rd2 Rb2 30. Ne4 Ng4 31. Bxg4 Rxd2 32. Nxd2 Qxd5 33. Bxd7
Qxd7 34. Qh6 1-0

[Event "Bundesliga 9495"]
[Site "Deutschland"]
[Date "1994.??.??"]
[Round "?.3"]
[White "Hoffmann, Michael"]
[Black "Knaak, Rainer"]
[Result "1-0"]
[WhiteElo "2470"]
[BlackElo "2520"]
[PlyCount "51"]
[EventDate "1994.10.??"]
[EventType "team"]
[EventRounds "15"]
[EventCountry "GER"]
[SourceTitle "Bundesliga 9495"]
[Source "DeepChess"]
[SourceDate "2005.01.01"]
[SourceVersion "1"]
[SourceVersionDate "2005.01.01"]
[SourceQuality "1"]
[WhiteTeam "SV Castrop Rauxel 1923"]
[BlackTeam "SAbt SV Werder Bremen"]
[WhiteTeamCountry "GER"]
[BlackTeamCountry "GER"]

1. c4 e6 2. g3 d5 3. Bg2 c6 4. Qc2 Nd7 5. Nf3 b5 6. b3 Ba6 7. O-O Rc8 8. d3
Ngf6 9. e4 dxe4 10. dxe4 bxc4 11. bxc4 Qa5 12. Bb2 Be7 13. e5 Ng4 14. Nbd2
Ngxe5 15. Nxe5 Nxe5 16. Rfe1 Nd7 17. Bxg7 Rg8 18. Bc3 Qh5 19. Qa4 Nc5 20. Qa5
Rg5 21. Ne4 Rf5 22. Bb4 Bxc4 23. Qxa7 Nd7 24. Nd6+ Bxd6 25. Bxd6 Rb5 26. Qd4
1-0

[Event "Bundesliga 9495"]
[Site "Deutschland"]
[Date "1994.??.??"]
[Round "?.4"]
[White "Heissler, Jakob"]
[Black "Libeau, Rene"]
[Result "1/2-1/2"]
[WhiteElo "2440"]
[BlackElo "2490"]
[PlyCount "52"]
[EventDate "1994.10.??"]
[EventType "team"]
[EventRounds "15"]
[EventCountry "GER"]
[SourceTitle "Bundesliga 9495"]
[Source "DeepChess"]
[SourceDate "2005.01.01"]
[SourceVersion "1"]
[SourceVersionDate "2005.01.01"]
[SourceQuality "1"]
[WhiteTeam "SAbt SV Werder Bremen"]
[BlackTeam "SV Castrop Rauxel 1923"]
[WhiteTeamCountry "GER"]
[BlackTeamCountry "GER"]

1. e4 e6 2. d3 d5 3. Nd2 c5 4. Ngf3 Nc6 5. g3 g6 6. Bg2 Bg7 7. O-O Nge7 8. exd5
exd5 9. d4 cxd4 10. Nb3 Qb6 11. Bf4 a5 12. Bd6 a4 13. Bc5 Qb5 14. Nfxd4 Bxd4
15. Bxd4 O-O 16. Nc1 Nxd4 17. Qxd4 Bf5 18. Nd3 Rac8 19. Rfe1 Nc6 20. Qxd5 Qxd5
21. Bxd5 Nd4 22. Nb4 Nxc2 23. Nxc2 Rxc2 24. b3 Rd8 25. Rad1 axb3 26. Bxb3 Rxd1
1/2-1/2

[Event "Bundesliga 9495"]
[Site "Deutschland"]
[Date "1994.??.??"]
[Round "?.5"]
[White "Appel, Ralf"]
[Black "Meins, Gerlef"]
[Result "0-1"]
[WhiteElo "2425"]
[BlackElo "2440"]
[PlyCount "112"]
[EventDate "1994.10.??"]
[EventType "team"]
[EventRounds "15"]
[EventCountry "GER"]
[SourceTitle "Bundesliga 9495"]
[Source "DeepChess"]
[SourceDate "2005.01.01"]
[SourceVersion "1"]
[SourceVersionDate "2005.01.01"]
[SourceQuality "1"]
[WhiteTeam "SV Castrop Rauxel 1923"]
[BlackTeam "SAbt SV Werder Bremen"]
[WhiteTeamCountry "GER"]
[BlackTeamCountry "GER"]

1. d4 d5 2. Nf3 Nf6 3. c4 dxc4 4. Nc3 a6 5. a4 e6 6. e3 c5 7. Bxc4 Nc6 8. O-O
Be7 9. Ne5 Nb4 10. dxc5 Qc7 11. Nf3 Bxc5 12. Qe2 b6 13. e4 Bb7 14. Bg5 Nd7 15.
Rfd1 O-O 16. Bh4 Ne5 17. Bb3 Bd6 18. Rac1 Rac8 19. Nd4 Ned3 20. Rb1 Nc5 21. Qg4
Bxh2+ 22. Kh1 Be5 23. f4 h5 24. Qxh5 Bxf4 25. Bc4 Qe5 26. Qg4 Bh6 27. Nf3 Qf4
28. Qh3 Nxe4 29. Nxe4 Rxc4 30. Ned2 Bxf3 31. Nxf3 Qg4 32. Qxg4 Rxg4 33. Be7 Re8
34. Bxb4 Rxb4 35. Rd7 f6 36. b3 e5 37. g3 e4 38. Nd4 e3 39. Ne2 Rbe4 40. Rc1
R4e7 41. Rd6 Re6 42. Rd7 R8e7 43. Rd8+ Kh7 44. Rcc8 Re4 45. Kg2 Rb4 46. Rc3 Re5
47. Rd1 Rf5 48. Rf1 Rd5 49. Rb1 Kg6 50. Rc6 Rd3 51. Rc3 Rxc3 52. Nxc3 Rd4 53.
Kf3 Rd3 54. Ne2 Kf5 55. Rc1 Ke5 56. b4 Ra3 0-1

[Event "Bundesliga 9495"]
[Site "Deutschland"]
[Date "1994.??.??"]
[Round "?.7"]
[White "Dinstuhl, Volkmar"]
[Black "Hedke, Fred"]
[Result "0-1"]
[WhiteElo "2375"]
[BlackElo "2350"]
[PlyCount "92"]
[EventDate "1994.10.??"]
[EventType "team"]
[EventRounds "15"]
[EventCountry "GER"]
[SourceTitle "Bundesliga 9495"]
[Source "DeepChess"]
[SourceDate "2005.01.01"]
[SourceVersion "1"]
[SourceVersionDate "2005.01.01"]
[SourceQuality "1"]
[WhiteTeam "SV Castrop Rauxel 1923"]
[BlackTeam "SAbt SV Werder Bremen"]
[WhiteTeamCountry "GER"]
[BlackTeamCountry "GER"]

1. d4 d5 2. c4 e6 3. Nc3 Nf6 4. Nf3 Be7 5. Bg5 O-O 6. Qc2 h6 7. Bxf6 Bxf6 8.
O-O-O b6 9. e4 Bb7 10. cxd5 exd5 11. e5 Be7 12. Kb1 Bc8 13. h3 Be6 14. Bd3 Qc8
15. g4 c6 16. Bf5 Kh8 17. Ne2 Na6 18. Nf4 Bxf5 19. Qxf5 Nc7 20. Rc1 c5 21. e6
Nxe6 22. Nxd5 Bd6 23. Rhd1 Nf4 24. dxc5 Qxf5+ 25. gxf5 bxc5 26. f6 gxf6 27.
Nxf6 Be7 28. Nd7 Rfd8 29. Nfe5 Kg7 30. Nc6 Re8 31. Rg1+ Kh7 32. Rg4 Nxh3 33.
Nxe7 Rxe7 34. Nf6+ Kh8 35. Rg3 Re6 36. Nd5 Rd8 37. Nc7 Rc6 38. Nb5 Nxf2 39. Rf3
Nd3 40. Rd1 c4 41. Nxa7 Rb6 42. Rxf7 Rxb2+ 43. Ka1 Rh2 44. Rc7 Rf8 45. Nb5 Ra8
46. Nc3 Rc2 0-1

[Event "Bundesliga 9495"]
[Site "Deutschland"]
[Date "1994.??.??"]
[Round "?.8"]
[White "Wenzel, Reinhard"]
[Black "Hermesmann, Hans"]
[Result "1-0"]
[WhiteElo "2165"]
[BlackElo "2310"]
[PlyCount "45"]
[EventDate "1994.10.??"]
[EventType "team"]
[EventRounds "15"]
[EventCountry "GER"]
[SourceTitle "Bundesliga 9495"]
[Source "DeepChess"]
[SourceDate "2005.01.01"]
[SourceVersion "1"]
[SourceVersionDate "2005.01.01"]
[SourceQuality "1"]
[WhiteTeam "SAbt SV Werder Bremen"]
[BlackTeam "SV Castrop Rauxel 1923"]
[WhiteTeamCountry "GER"]
[BlackTeamCountry "GER"]

1. c4 g6 2. Nc3 Bg7 3. g3 e5 4. Bg2 d6 5. Rb1 a5 6. a3 Nc6 7. b4 axb4 8. axb4
Nf6 9. d3 O-O 10. b5 Ne7 11. e4 c6 12. Nf3 d5 13. cxd5 cxd5 14. O-O d4 15. Na4
Qa5 16. Nb2 Qxb5 17. Bd2 Nc6 18. Nc4 Qc5 19. Nfxe5 Nxe4 20. Bxe4 Bxe5 21. Bxc6
bxc6 22. Bb4 Qd5 23. Nb6 1-0

[Event "Bundesliga 9495"]
[Site "Deutschland"]
[Date "1995.??.??"]
[Round "?.1"]
[White "Lobron, Eric"]
[Black "Hracek, Zbynek"]
[Result "1/2-1/2"]
[WhiteElo "2575"]
[BlackElo "2595"]
[PlyCount "69"]
[EventDate "1994.10.??"]
[EventType "team"]
[EventRounds "15"]
[EventCountry "GER"]
[SourceTitle "Bundesliga 9495"]
[Source "DeepChess"]
[SourceDate "2005.01.01"]
[SourceVersion "1"]
[SourceVersionDate "2005.01.01"]
[SourceQuality "1"]
[WhiteTeam "SV Empor Berlin e.V."]
[BlackTeam "SAbt SV Werder Bremen"]
[WhiteTeamCountry "GER"]
[BlackTeamCountry "GER"]

1. d4 Nf6 2. c4 e6 3. Nf3 Bb4+ 4. Bd2 Qe7 5. g3 Nc6 6. Nc3 Bxc3 7. Bxc3 Ne4 8.
Rc1 O-O 9. Bg2 d6 10. O-O Nxc3 11. Rxc3 e5 12. d5 Nb8 13. Nd2 a5 14. Ra3 Ra6
15. e4 Nd7 16. Nb3 b6 17. Bh3 Ra8 18. Re1 Bb7 19. Nd2 Nc5 20. Rc3 c6 21. dxc6
Bxc6 22. b3 Rad8 23. a3 g6 24. b4 axb4 25. axb4 Ne6 26. Bxe6 Qxe6 27. b5 Bb7
28. Ra3 f5 29. f3 Rf7 30. Qe2 Rdf8 31. Qf2 fxe4 32. Nxe4 Bxe4 33. Rxe4 d5 34.
cxd5 Qxd5 35. Rae3 1/2-1/2

[Event "Bundesliga 9495"]
[Site "Deutschland"]
[Date "1995.??.??"]
[Round "?.3"]
[White "Luther, Thomas"]
[Black "Knaak, Rainer"]
[Result "1/2-1/2"]
[WhiteElo "2550"]
[BlackElo "2540"]
[PlyCount "90"]
[EventDate "1994.10.??"]
[EventType "team"]
[EventRounds "15"]
[EventCountry "GER"]
[SourceTitle "Bundesliga 9495"]
[Source "DeepChess"]
[SourceDate "2005.01.01"]
[SourceVersion "1"]
[SourceVersionDate "2005.01.01"]
[SourceQuality "1"]
[WhiteTeam "SV Empor Berlin e.V."]
[BlackTeam "SAbt SV Werder Bremen"]
[WhiteTeamCountry "GER"]
[BlackTeamCountry "GER"]

1. e4 e6 2. d4 d5 3. Nc3 Nf6 4. e5 Nfd7 5. f4 c5 6. Nf3 Nc6 7. Be3 cxd4 8. Nxd4
Bc5 9. Qd2 O-O 10. O-O-O a6 11. h4 Nxd4 12. Bxd4 b5 13. Rh3 Bb7 14. Rg3 b4 15.
Ne2 a5 16. f5 Kh8 17. Qf4 Ba6 18. Qg4 g6 19. h5 Bxe2 20. Bxe2 exf5 21. e6+ Nf6
22. Qh4 Bxd4 23. Qxd4 Kg8 24. exf7+ Kxf7 25. hxg6+ hxg6 26. Bf3 Qc7 27. Bxd5+
Kg7 28. Bxa8 Qxg3 29. Bf3 Rf7 30. Qd8 Qf4+ 31. Kb1 Qe5 32. Qd4 Re7 33. Qxe5
Rxe5 34. a3 bxa3 35. bxa3 g5 36. Kb2 g4 37. Ba8 Rb5+ 38. Ka2 Kg6 39. c4 Re5 40.
Kb3 f4 41. Kc3 Kf5 42. Kd4 Re2 43. Rb1 f3 44. Rb5+ Kf4 45. Bxf3 gxf3 1/2-1/2

[Event "Bundesliga 9495"]
[Site "Deutschland"]
[Date "1995.??.??"]
[Round "?.4"]
[White "Heissler, Jakob"]
[Black "Rabiega, Robert"]
[Result "1-0"]
[WhiteElo "2440"]
[BlackElo "2460"]
[PlyCount "107"]
[EventDate "1994.10.??"]
[EventType "team"]
[EventRounds "15"]
[EventCountry "GER"]
[SourceTitle "Bundesliga 9495"]
[Source "DeepChess"]
[SourceDate "2005.01.01"]
[SourceVersion "1"]
[SourceVersionDate "2005.01.01"]
[SourceQuality "1"]
[WhiteTeam "SAbt SV Werder Bremen"]
[BlackTeam "SV Empor Berlin e.V."]
[WhiteTeamCountry "GER"]
[BlackTeamCountry "GER"]

1. e4 c5 2. Nf3 Nc6 3. d4 cxd4 4. Nxd4 e5 5. Nb5 a6 6. Nd6+ Bxd6 7. Qxd6 Qf6 8.
Qc7 Nge7 9. Nc3 Nb4 10. Bd3 d5 11. O-O d4 12. Na4 Qc6 13. Qxc6+ Nexc6 14. Nb6
Rb8 15. f4 Be6 16. a3 Nxd3 17. cxd3 f6 18. f5 Bb3 19. Bd2 Kd8 20. a4 Kc7 21. a5
Rbd8 22. Rac1 Kb8 23. g3 Na7 24. Kf2 Nc8 25. Bb4 Nxb6 26. axb6 Rd7 27. Rc5 Ba4
28. Rfc1 Bc6 29. g4 h6 30. h4 Rdd8 31. Rg1 Rh7 32. Ke2 Kc8 33. Rg2 Rdh8 34. Be1
Kd7 35. Bb4 Kc8 36. Rg1 Kd7 37. Rg3 Kc8 38. Be1 Kd7 39. Bd2 Kc8 40. Rg2 Kd7 41.
Rg1 Kc8 42. Rgc1 Kb8 43. Be1 Rg8 44. h5 Re8 45. b4 Rhh8 46. b5 axb5 47. Bb4 Rd8
48. Ra1 Rhg8 49. Ra7 Kc8 50. Rxc6+ bxc6 51. Bc5 Rge8 52. Kd2 Kb8 53. Kc2 b4 54.
Kb3 1-0

[Event "Bundesliga 9495"]
[Site "Deutschland"]
[Date "1995.??.??"]
[Round "?.5"]
[White "Muse, Mladen"]
[Black "Meins, Gerlef"]
[Result "1/2-1/2"]
[WhiteElo "2435"]
[BlackElo "2425"]
[PlyCount "153"]
[EventDate "1994.10.??"]
[EventType "team"]
[EventRounds "15"]
[EventCountry "GER"]
[SourceTitle "Bundesliga 9495"]
[Source "DeepChess"]
[SourceDate "2005.01.01"]
[SourceVersion "1"]
[SourceVersionDate "2005.01.01"]
[SourceQuality "1"]
[WhiteTeam "SV Empor Berlin e.V."]
[BlackTeam "SAbt SV Werder Bremen"]
[WhiteTeamCountry "GER"]
[BlackTeamCountry "GER"]

1. d4 d5 2. Bg5 g6 3. c3 Bg7 4. Nd2 Nf6 5. e3 O-O 6. Bd3 b6 7. Ngf3 Ba6 8. Bxa6
Nxa6 9. Qe2 Qc8 10. e4 e6 11. e5 Nd7 12. O-O c5 13. Rfc1 Qb7 14. Qe3 Rfc8 15.
Bh6 cxd4 16. cxd4 Nb4 17. Bxg7 Kxg7 18. Qb3 a5 19. a3 Nc6 20. Qe3 a4 21. Rc3
Rc7 22. Qf4 Nd8 23. Nf1 Rxc3 24. bxc3 Qc7 25. Rc1 Rc8 26. Ne3 f6 27. Ng4 f5 28.
Qh6+ Kg8 29. Ng5 fxg4 30. Qxh7+ Kf8 31. Qh8+ Ke7 32. Qg7+ Ke8 33. Qxg6+ Ke7 34.
Qg7+ Ke8 35. Nh7 Nf7 36. Qxg4 Ke7 37. Qh4+ Ke8 38. Qg4 Ke7 39. Qg7 Qd8 40. Qg4
Qg8 41. Qh4+ Ke8 42. Qh5 Qg7 43. g4 Kd8 44. h4 Ke7 45. Ng5 Nh6 46. f3 Rh8 47.
c4 dxc4 48. Rxc4 Ng8 49. Nxe6 Kxe6 50. Qf5+ Ke7 51. d5 Nc5 52. d6+ Kd8 53. e6
Ne7 54. dxe7+ Kxe7 55. Qf4 Rc8 56. Qd2 Rd8 57. Qc1 Qe5 58. Rc2 Qd5 59. Kg2 Nxe6
60. Qh6 Qd3 61. Rb2 b5 62. h5 Rf8 63. Rf2 Rc8 64. Kg3 Qd6+ 65. Kh4 Qf4 66. Qh7+
Qf7 67. Qe4 Kf8 68. Re2 Re8 69. Qe5 Qe7+ 70. Kg3 Qc7 71. f4 Qxe5 72. Rxe5 Nd4
73. Rd5 Re3+ 74. Kg2 Re4 75. Kg3 Re3+ 76. Kg2 Re4 77. Kg3 1/2-1/2

[Event "Bundesliga 9495"]
[Site "Deutschland"]
[Date "1995.??.??"]
[Round "?.6"]
[White "Floegel, Ulrich"]
[Black "Poldauf, Dirk"]
[Result "1-0"]
[WhiteElo "2315"]
[BlackElo "2425"]
[PlyCount "71"]
[EventDate "1994.10.??"]
[EventType "team"]
[EventRounds "15"]
[EventCountry "GER"]
[SourceTitle "Bundesliga 9495"]
[Source "DeepChess"]
[SourceDate "2005.01.01"]
[SourceVersion "1"]
[SourceVersionDate "2005.01.01"]
[SourceQuality "1"]
[WhiteTeam "SAbt SV Werder Bremen"]
[BlackTeam "SV Empor Berlin e.V."]
[WhiteTeamCountry "GER"]
[BlackTeamCountry "GER"]

1. e4 e6 2. d3 b5 3. Nf3 Bb7 4. g3 c5 5. Bg2 Nc6 6. O-O Nf6 7. Re1 Be7 8. c3
O-O 9. e5 Nd5 10. Nbd2 f6 11. exf6 gxf6 12. Nf1 Kh8 13. d4 cxd4 14. Nxd4 Nxd4
15. Qxd4 Qc7 16. Qd3 a6 17. Bh6 Rf7 18. a4 bxa4 19. Rxa4 a5 20. Rd4 Nb6 21.
Bxb7 Qxb7 22. Qb5 e5 23. Rd2 Qc6 24. Qxc6 dxc6 25. Re4 a4 26. Ne3 Bc5 27. Nf5
Nd5 28. Rc4 Ra5 29. Rg4 Bf8 30. c4 Nc7 31. Nd6 Bxd6 32. Rxd6 Ra8 33. Rxf6 Re7
34. Bf8 Rd7 35. Bd6 Re8 36. Bxe5 1-0